Biggest US Cities in 1820 - Statistics

General Stats
  • This quiz has been taken 83 times
  • The average score is 26 of 50
Answer Stats
State City Population % Correct
NY New York 123,706
100%
MA Boston 43,298
97%
LA New Orleans 27,176
97%
PA Philadelphia 63,802
97%
MD (DC) Washington 13,247
97%
MD Baltimore 78,444
94%
RI Providence 11,767
94%
VA Richmond 12,067
94%
OH Cincinnati 9,642
91%
SC Charleston 24,780
88%
NJ Newark 6,507
88%
PA Pittsburgh 7,248
85%
NY Albany 12,630
82%
CT Hartford 4,726
79%
GA Savannah 7,523
76%
VA (DC) Alexandria 8,218
74%
ME Portland 8,581
71%
KY Lexington 5,279
65%
CT New Haven 7,147
65%
MA Salem 12,731
65%
DE Wilmington 5,268
65%
VA Norfolk 8,478
56%
RI Newport 7,319
53%
PA Lancaster 6,633
50%
PA Northern Liberties 19,678
50%
NY Brooklyn 7,145
47%
MD (DC) Georgetown 7,360
47%
NH Portsmouth 7,327
41%
PA Southwark 14,713
38%
PA Reading 4,332
35%
MA Lynn 4,515
32%
MA Nantucket 7,266
32%
MA Plymouth 4,348
32%
MA Gloucester 6,384
29%
MA Charlestown 6,591
26%
MA Marblehead 5,630
26%
MA Newburyport 6,852
26%
NY Troy 5,264
26%
VA Petersburg 6,690
24%
MA Taunton 4,520
24%
MA Beverly 4,283
21%
PA Kensington 7,118
21%
RI Smithfield 4,678
18%
NY Hudson 5,310
15%
NJ Middletown 4,369
12%
CT Fairfield 4,151
6%
CT Groton 4,664
6%
NJ Woodbridge 4,226
6%
MA Middleborough 4,687
3%
CT Deep River 4,165
0%
No matching quizzes found
Score Distribution
Percent of People with Each Score
Percentile by Number Answered
Your Score History
You have not taken this quiz